Phone mast compensation (Record no. 72871)

MARC details
000 -LEADER
fixed length control field 01030cam a2200241 4500
001 - CONTROL NUMBER
control field WB3923-16
008 - FIXED-LENGTH DATA ELEMENTS--GENERAL INFORMATION
fixed length control field 030617n2003 000 0 eng u
035 ## - SYSTEM CONTROL NUMBER
System control number (Sirsi) u122631
245 ## - TITLE STATEMENT
Title Phone mast compensation
260 ## - PUBLICATION, DISTRIBUTION, ETC.
Date of publication, distribution, etc. 2003
490 ## - SERIES STATEMENT
Series statement RICS Planning and Development Faculty News
Volume/sequential designation 13 June 2003 (1)
520 ## - SUMMARY, ETC.
Summary, etc. Householders in Swindon have been awarded between £10 000 and £20 000 worth of compensation, after local planners allowed a telecoms mast to be erected in the middle of their street. Anti-mast campaigners say the ruling represents the first time that the ombudsman has accepted that mobile phone masts can affect house prices. http://www.rics.org/ricscms/bin/show?class=News&template=/includes/shownews.html&id=6133
590 ## - LOCAL NOTE (RLIN)
Local note WB
650 ## - SUBJECT ADDED ENTRY--TOPICAL TERM
Topical term or geographic name entry element HOUSE PRICES
650 ## - SUBJECT ADDED ENTRY--TOPICAL TERM
Topical term or geographic name entry element MOBILE PHONE MASTS
650 ## - SUBJECT ADDED ENTRY--TOPICAL TERM
Topical term or geographic name entry element SWINDON
650 ## - SUBJECT ADDED ENTRY--TOPICAL TERM
Topical term or geographic name entry element LOCAL PLANNING
650 ## - SUBJECT ADDED ENTRY--TOPICAL TERM
Topical term or geographic name entry element LOCAL GOVERNMENT OMBUDSMAN
650 ## - SUBJECT ADDED ENTRY--TOPICAL TERM
Topical term or geographic name entry element COMPENSATION
650 ## - SUBJECT ADDED ENTRY--TOPICAL TERM
Topical term or geographic name entry element PROPERTY VALUE
690 ## - LOCAL SUBJECT ADDED ENTRY--TOPICAL TERM (OCLC, RLIN)
Topical term or geographic name as entry element TELECOMMUNICATIONS
942 ## - ADDED ENTRY ELEMENTS (KOHA)
Suppress in OPAC 0
Holdings
Withdrawn status Lost status Source of classification or shelving scheme Damaged status Not for loan Home library Current library Shelving location Date acquired Total Checkouts Full call number Barcode Date last seen Copy number Price effective from Koha item type
    Dewey Decimal Classification     London London News article 17/06/2003   WB3923-16 122631-1001 06/08/2019 1 06/08/2019 News article